000 00412nam a2200157Ia 4500
003 OSt
005 20230602112916.0
008 211028s2012 xx 000 0 und d
040 _cAIMIT LIBRARY
041 _aeng
100 _aShetty, Vindhya R; Vanitha.
_98400
_e101939
110 _aVanitha
_98401
245 _aOffice automation: student management system.
260 _aMangalore
_c2012
942 _2ddc
_cPRO
999 _c219869
_d219869